Развитие сотрудничества между банками Китая и России; Энергия молодых - экономике России; Ч. 2

Detalhes bibliográficos
Parent link:Энергия молодых - экономике России: труды VI Всероссийской научно-практической конференции студентов и молодых ученых, Томск, 19-22 апреля 2005 г./ Томский политехнический университет; Вольное экономическое общество России.— , 2005-
Ч. 2.— 2005.— С. 93-95
Autor principal: Да Гула
Idioma:russo
Publicado em: 2005
Assuntos:
Formato: MixedMaterials Capítulo de Livro
KOHA link:https://koha.lib.tpu.ru/cgi-bin/koha/opac-detail.pl?biblionumber=141048

MARC

LEADER 00000naa2a2200000 4500
001 141048
005 20231031142325.0
035 |a (RuTPU)RU\TPU\book\152834 
090 |a 141048 
100 |a 20080722d2005 k y0rusy50 ca 
101 0 |a rus 
102 |a RU 
200 1 |a Развитие сотрудничества между банками Китая и России  |f Да Гула 
461 1 |0 (RuTPU)RU\TPU\book\107328  |t Энергия молодых - экономике России  |o труды VI Всероссийской научно-практической конференции студентов и молодых ученых, Томск, 19-22 апреля 2005 г.  |o в 2 ч.  |f Томский политехнический университет; Вольное экономическое общество России  |d 2005- 
463 0 |0 (RuTPU)RU\TPU\book\73345  |t Ч. 2  |v С. 93-95  |d 2005 
610 1 |a Китай 
610 1 |a банки 
610 1 |a международное сотрудничество 
610 1 |a финансы 
610 1 |a коммерческие банки 
610 1 |a экономика 
610 1 |a банковский сектор 
610 1 |a курсовые операции 
610 1 |a банковские системы 
610 1 |a труды учёных ТПУ 
700 1 |a Да Гула 
801 1 |a RU  |b 63413507  |c 20080722  |g PSBO 
801 2 |a RU  |b 63413507  |c 20161003  |g RCR 
942 |c BK